000 00854nam a22003017a 4500
001 BR9300359
003 BR-BrBNA
005 20230928093810.0
007 ta
008 230509b bl.||||| |||| 00| 0 por d
040 _aBR-BrBNA
_bpor
_cBiblioteca Nacional de Agricultura
041 _a(Por)
072 _aE70
_b0600
_b1300
090 _ 0600 BR9300359
100 1 _aRamalho Sobrinho, R.
100 1 _aCorreia, L.C.
110 1 _aEmpresa de Assistencia Tecnica e Extensao Rural do Estado de Minas Gerais, Belo Horizonte (Brasil)
245 1 _aManual de comercializacao de frutas e hortalicas
260 3 _aBelo Horizonte, MG (Brasil):
_c1991.
300 _a92 p.
500 _a7 ref.
650 _aFruta
650 _aHortalica
650 _aComercializacao
650 _aPreco
909 _a202309
_bLucia
_c55
_dLucia Elande
942 _cBK
999 _c47175
_d47175